BIBLIOTECA PODER JUDICIAL
Portal Judicial TDF

La vaguedad del lenguaje y las exhibiciones obscenas en el Código Penal de la Nación / (Registro nro. 6515)

000 -LEADER
fixed length control field 01236nab a22002297a 4500
003 - CONTROL NUMBER IDENTIFIER
control field OSt
005 - DATE AND TIME OF LATEST TRANSACTION
control field 20260218115653.0
008 - FIXED-LENGTH DATA ELEMENTS--GENERAL INFORMATION
fixed length control field 190429b xxu||||| |||| 00| 0 spa d
040 ## - CATALOGING SOURCE
Transcribing agency PJ
100 ## - MAIN ENTRY--PERSONAL NAME
9 (RLIN) 6587
Personal name Palacín, Guido Adrián
245 13 - TITLE STATEMENT
Title La vaguedad del lenguaje y las exhibiciones obscenas en el Código Penal de la Nación /
Statement of responsibility, etc Guido Adrián Palacín.
260 ## - PUBLICATION, DISTRIBUTION, ETC. (IMPRINT)
Date of publication, distribution, etc Ciudad Autónoma de Buenos Aires :
Place of publication, distribution, etc Thomson Reuters La Ley,
Name of publisher, distributor, etc 2024.
300 ## - PHYSICAL DESCRIPTION
Extent p. 23-28
500 ## - GENERAL NOTE
General note Cita: TR LALEY AR/DOC/164/2024
505 ## - FORMATTED CONTENTS NOTE
Formatted contents note Sumario: I. Introducción.— II. La figura de exhibiciones obscenas en el Cód. Penal.— III. La vaguedad del lenguaje y la ley penal.— IV. Tipos de vaguedad y el término obsceno del Cód. Penal.— V. Ambigüedad y constitucionalidad.— VI. Conclusión.— VII. Bibliografía.— VIII. Jurisprudencia.
505 ## - FORMATTED CONTENTS NOTE
Title Si te interesa el texto completo, solicitalo a koha@justierradelfuego.gov.ar
650 #0 - SUBJECT ADDED ENTRY--TOPICAL TERM
9 (RLIN) 343
Topical term or geographic name as entry element DERECHO PENAL
650 #0 - SUBJECT ADDED ENTRY--TOPICAL TERM
9 (RLIN) 3184
Topical term or geographic name as entry element EXHIBICIONES OBSCENAS
650 #0 - SUBJECT ADDED ENTRY--TOPICAL TERM
9 (RLIN) 3533
Topical term or geographic name as entry element INTERPRETACION DE LA LEY
773 0# - HOST ITEM ENTRY
Host Biblionumber 2658
Host Itemnumber 3164
Title Revista de derecho penal y criminología. Nº 7 - Julio 2024
Place, publisher, and date of publication Ciudad Autónoma de Buenos Aires : Thomson Reuters La Ley, 2017-
International Standard Serial Number 00347914
942 ## - ADDED ENTRY ELEMENTS (KOHA)
Source of classification or shelving scheme
Koha item type Analítica Artículo de Revista

No hay ítems disponibles.

12 de Octubre 789 Ushuaia - Tel:  54(02901)441571
Horario de Atención: 8.00 a 17.00 hs. 
bibliotecaush@justierradelfuego.gov.ar
koha@justierradelfuego.gov.ar
Seguinos en nuestras redes @bibliojustdf 

Con tecnología Koha